Lengua y Literatura 7º Básico: texto del estudiante

Salvato in:
Dettagli Bibliografici
Autori principali: Avila Reyes, Natalia (Autore), Barros Cruz, María José (Autore)
Natura: Libro
Lingua:spagnolo
Pubblicazione: Santiago Santillana del Pacífico S. A 2016
Edizione:2a. ed
Soggetti:
Tags: Aggiungi Tag
Nessun Tag, puoi essere il primo ad aggiungerne!!

MARC

LEADER 00000cam a2200000 a 4500
001 UCD9770
003 CL-VaPUC
008 170709e20160000cl |||||||||||||||||spa|d
020 |a 9789561529267 
082 0 4 |a 372.6  |b AVI  |2 21 
100 0 |a Avila Reyes, Natalia  |e author  |9 593432 
700 0 |a Barros Cruz, María José  |e author  |9 593433 
245 1 0 |a Lengua y Literatura 7º Básico: texto del estudiante 
250 |a 2a. ed 
300 |a 368 p 
942 |c BK 
945 |d 20170709 17:01:00  |a dcastane 
260 |a Santiago  |b Santillana del Pacífico S. A  |c 2016 
650 0 |a Educación lingüística  |9 306506 
650 0 |a Educación básica   |9 224933 
650 0 |a Lenguaje y comunicación  |9 395921 
650 0 |a Libros de texto  |9 270019 
583 |a last modification  |c 20170709 17:01:00  |k Rodrigo Vera 
999 |c 368789  |d 368787 
952 |0 0  |1 0  |3 erb  |4 0  |6 372_600000000000000_AVI_2016  |7 0  |8 A  |9 484229  |a BIBEDU  |b BIBEDU  |i 5405378  |l 2  |o 372.6 AVI 2016  |p 5405378  |r 2024-09-23  |s 2024-09-06  |w 2019-11-24  |y BK  |z Catalogado en:20170709  |k EPE